000
00330 a2200145 4500
001
152916
040
_c
Escola São Tomás de Aquino
100
_a
QUEIRÓS, Bartolomeu Campos de
240
1
0
_a
De bichos e não só
_l
por
245
1
0
_a
De bichos e não só
300
_a
31
362
0
_a
2016
697
_a
Poesia
942
_c
BK
999
_c
152916
_d
152916